Symmetry and separation of variables /

Guardado en:
Autor Principal: Miller, Willard.
Formato: Libro
Idioma:English
Publicado: Reading, Mass. : Addison-Wesley, Advanced Book Program, 1977.
Series:Encyclopedia of mathematics and its applications ; v. 4.
Encyclopedia of mathematics and its applications. Section, Special functions.
Materias:
Etiquetas: Agregar Etiqueta
Sin Etiquetas, Sea el primero en etiquetar este registro!
LEADER 01183cam a2200289 a 4500
001 MAT.inmabb002834
008 770819s1977####mau######b####001#0#eng##
005 20151112160953.0
245 1 0 |a Symmetry and separation of variables /  |c Willard Miller, Jr. ; with a foreword by Richard Askey. 
260 |a Reading, Mass. :  |b Addison-Wesley, Advanced Book Program,  |c 1977. 
300 |a xxx, 285 p. ;  |c 24 cm. 
490 1 |a Encyclopedia of mathematics and its applications ;  |v v. 4.  |a Section, Special functions 
504 |a Bibliografía: p. 275-280. 
510 4 |a MR,  |c 57 #744 
020 |a 0201135035  |z 0201135037 
100 1 |a Miller, Willard. 
830 0 |a Encyclopedia of mathematics and its applications ;  |v v. 4. 
830 0 |a Encyclopedia of mathematics and its applications.  |p Section, Special functions. 
650 0 |a Symmetry (Physics) 
650 0 |a Functions, Special. 
650 0 |a Differential equations, Partial  |x Numerical solutions. 
650 0 |a Separation of variables. 
084 |a 33Dxx (35L05 35J10 35K05)  |2 msc2000 
010 |a  77012572  
040 |a DLC  |c DLC  |d DLC 
859 |h 33  |i M647s  |p A-5382  |b BIB. MATEMATICA 
859 |h 33  |i M647s  |p A-7014  |t Ej. 2  |b BIB. MATEMATICA